Se me olvido / (Record no. 17647)

MARC details
000 -LEADER
fixed length control field 00936nam a2200289 a 4500
001 - CONTROL NUMBER
control field sjdsz9bblp b2568917
003 - CONTROL NUMBER IDENTIFIER
control field sjds
005 - DATE AND TIME OF LATEST TRANSACTION
control field 20170615220634.0
008 - FIXED-LENGTH DATA ELEMENTS--GENERAL INFORMATION
fixed length control field 980630s1994 wiua j 000 1 spa d
010 ## - LIBRARY OF CONGRESS CONTROL NUMBER
LC control number 94076692
020 ## - INTERNATIONAL STANDARD BOOK NUMBER
International Standard Book Number 0307719758 (pbk.)
024 ## - OTHER STANDARD IDENTIFIER
Standard number or code 033500719752
040 ## - CATALOGING SOURCE
Original cataloging agency PWmBRO
Modifying agency CoBoFLC
Transcribing agency sjds
041 1# - LANGUAGE CODE
Language code of text/sound track or separate title spa
Language code of original eng
082 04 - DEWEY DECIMAL CLASSIFICATION NUMBER
Classification number [E]
Edition number 21
100 1# - MAIN ENTRY--PERSONAL NAME
Personal name Mayer, Mercer,
Dates associated with a name 1943-
245 10 - TITLE STATEMENT
Title Se me olvido /
Statement of responsibility, etc. por Mercer Mayer.
260 ## - PUBLICATION, DISTRIBUTION, ETC. (IMPRINT)
Place of publication, distribution, etc. Racine, Wis. :
Name of publisher, distributor, etc. Western Pub. Co.,
Date of publication, distribution, etc. c1994.
300 ## - PHYSICAL DESCRIPTION
Extent 1 v. (unpaged) :
Other physical details col. ill. ;
Dimensions 20 cm.
490 0# - SERIES STATEMENT
Series statement Golden look-look book.
500 ## - GENERAL NOTE
General note "A Golden book, New York."
500 ## - GENERAL NOTE
General note "Mercer Mayer's Little Critter"--P. [4] of cover.
520 ## - SUMMARY, ETC.
Summary, etc. Although children remember to do some things,they don't remember everything that they are supposed to do.
650 #0 - SUBJECT ADDED ENTRY--TOPICAL TERM
Topical term or geographic name as entry element Memory
Form subdivision Juvenile fiction.
650 #1 - SUBJECT ADDED ENTRY--TOPICAL TERM
Topical term or geographic name as entry element Spanish language materials.
942 ## - ADDED ENTRY ELEMENTS (KOHA)
Koha item type Libro/Book
Holdings
Withdrawn status Lost status Source of classification or shelving scheme Damaged status Not for loan Home library Current library Date acquired Total Checkouts Full call number Barcode Date last seen Price effective from Koha item type
    Dewey Decimal Classification     Barbudos -- Satellite Barbudos -- Satellite 15/06/2017   [E] 35801504 15/06/2017 15/06/2017 Libro/Book

Powered by Koha